[Event "Bayerische EM 2021 - Männer"]
[Site "Schney"]
[Date "2021.08.23"]
[Round "2.9"]
[White "Schatz, Christian"]
[Black "Bruss, Robert"]
[Result "1-0"]
[WhiteElo "2186"]
[BlackElo "1800"]
[PlyCount "101"]
[EventDate "2021.??.??"]
[WhiteTeam "SC Postbauer-Heng"]
[BlackTeam "SGem 1882 Fürth"]

1. Nf3 e6 2. g3 b6 3. Bg2 Bb7 4. c4 f5 5. Nc3 Nf6 6. O-O Be7 7. d4 Ne4 8. Qc2
Nxc3 9. Qxc3 O-O 10. b3 d6 11. Bb2 f4 12. e3 fxg3 13. fxg3 Bf6 14. Qd3 Nd7 15.
Ng5 Bxg5 16. Bxb7 Rb8 17. Bg2 Qe7 18. Bh3 Rxf1+ 19. Rxf1 Rf8 20. Qe4 Rxf1+ 21.
Kxf1 Nf8 22. Kg2 a5 23. Bc3 Qf7 24. Be1 g6 25. Bf2 d5 26. Qc2 Bd8 27. cxd5 exd5
28. Qc6 g5 29. Bc8 h5 30. Bb7 Kg7 31. Qxd5 Qf6 32. Qf3 g4 33. Qxf6+ Kxf6 34. h3
Kf5 35. e4+ Kf6 36. hxg4 hxg4 37. Bc8 Ne6 38. e5+ Kf7 39. Kf1 c5 40. d5 Nc7 41.
d6 Ne6 42. a4 Bg5 43. Ke2 Bc1 44. Kd3 Ng5 45. Be3 Bxe3 46. Kxe3 Nf3 47. e6+ Ke8
48. Bd7+ Kd8 49. Bc6 Nd4 50. e7+ Kc8 51. e8=Q# 1-0

[Event "Bayerische EM 2021 - Männer"]
[Site "Schney"]
[Date "2021.08.23"]
[Round "2.11"]
[White "Fuchs, Florian"]
[Black "Homi, Joseph"]
[Result "0-1"]
[WhiteElo "1766"]
[BlackElo "2103"]
[PlyCount "82"]
[EventDate "2021.??.??"]
[WhiteTeam "DJK SF Haselbach"]
[BlackTeam "SGem 1882 Fürth"]

1. e4 c6 2. e5 c5 3. c3 d5 4. exd6 Qxd6 5. d4 cxd4 6. cxd4 Nf6 7. Nc3 a6 8. Bd3
Nc6 9. Nge2 Bg4 10. f3 Bh5 11. Be3 e6 12. O-O Be7 13. Qd2 O-O 14. Rad1 Nb4 15.
Nf4 Bg6 16. Bc4 Bc2 17. Rc1 Rac8 18. Be2 Bf5 19. Bd1 Rfd8 20. Rf2 g5 21. Nh3
Nd3 22. Nxg5 Nxc1 23. Qxc1 Nd5 24. Nge4 Bxe4 25. fxe4 Nxe3 26. Qxe3 Qxd4 27.
Qg3+ Qg7 28. Bh5 Rxc3 29. Qxg7+ Kxg7 30. Rxf7+ Kh6 31. bxc3 Bc5+ 32. Kf1 Kxh5
33. Rxh7+ Kg4 34. Rxb7 Kf4 35. Rc7 Ke3 36. Ke1 Bd6 37. Rh7 Be5 38. Rh3+ Kxe4
39. Ke2 Bf4 40. g3 Rd2+ 41. Ke1 Be3 0-1

[Event "Bayerische EM 2021 - Männer"]
[Site "Schney"]
[Date "2021.08.23"]
[Round "2.12"]
[White "Köhler, Lukas"]
[Black "Lohr, Maximilian"]
[Result "1/2-1/2"]
[WhiteElo "2102"]
[BlackElo "2011"]
[PlyCount "48"]
[EventDate "2021.??.??"]
[WhiteTeam "SC Bamberg"]
[BlackTeam "FC Ergolding"]

1. d4 Nf6 2. c4 e6 3. Nc3 c5 4. d5 exd5 5. cxd5 d6 6. e4 g6 7. Be2 Bg7 8. Nf3
O-O 9. Nd2 a6 10. a4 Re8 11. O-O Nbd7 12. f4 Rb8 13. Kh1 Nb6 14. h3 Bd7 15. Bf3
Nc8 16. Re1 Qc7 17. a5 b5 18. axb6 Nxb6 19. Rxa6 Bxh3 20. Rxb6 Bxg2+ 21. Kxg2
Rxb6 22. Nc4 Rb4 23. Qd3 Nd7 24. Re2 Nb6 1/2-1/2

[Event "Bayerische EM 2021 - Männer"]
[Site "Schney"]
[Date "2021.08.23"]
[Round "2.13"]
[White "Höller, Armin"]
[Black "Fuchs, Michael"]
[Result "0-1"]
[WhiteElo "1994"]
[BlackElo "2086"]
[PlyCount "76"]
[EventDate "2021.??.??"]
[WhiteTeam "SK Weilheim"]
[BlackTeam "DJK SF Haselbach"]

1. c4 e5 2. g3 Nf6 3. Bg2 c6 4. Nf3 e4 5. Nd4 Qb6 6. e3 d5 7. O-O Bc5 8. Nb3
Be7 9. cxd5 cxd5 10. d3 Bg4 11. f3 exf3 12. Bxf3 Bxf3 13. Qxf3 Nc6 14. Nc3 Nb4
15. Nd4 O-O 16. Nf5 Qe6 17. Bd2 Nc6 18. Nb5 Ne5 19. Qf4 Ng6 20. Nxe7+ Qxe7 21.
Qd4 Qd7 22. Nc3 Qe6 23. Nb5 Qd7 24. Nxa7 b5 25. Rxf6 gxf6 26. Qxf6 Qe7 27. Qxe7
Nxe7 28. Nxb5 Rfb8 29. Nc3 Rxb2 30. Be1 Rc2 31. a4 Rc8 32. Ra3 Rb8 33. a5 Rbb2
34. Nd1 Rb1 35. a6 Rxd1 36. Kf1 Nc6 37. a7 Nxa7 38. Rxa7 Rcc1 0-1

[Event "Bayerische EM 2021 - Männer"]
[Site "Schney"]
[Date "2021.08.23"]
[Round "2.14"]
[White "Löw, Gerald"]
[Black "Birkholz, Olga"]
[Result "1-0"]
[WhiteElo "2166"]
[BlackElo "2018"]
[PlyCount "131"]
[EventDate "2021.??.??"]
[WhiteTeam "TSV Bindlach"]
[BlackTeam "TSV Bindlach"]

1. c4 e5 2. Nc3 d6 3. g3 g6 4. d4 Bg7 5. Nf3 Nc6 6. d5 Nce7 7. Bg2 h6 8. e4 b6
9. O-O Nf6 10. Ne1 O-O 11. Nd3 Ne8 12. f4 Rb8 13. Be3 a5 14. Qd2 Kh7 15. Rf2
exf4 16. gxf4 Nf6 17. h3 Ba6 18. b3 Nd7 19. Rc1 Ng8 20. Ne2 Bb7 21. Nd4 Ra8 22.
Re2 Re8 23. Bf2 Nc5 24. Rce1 Nxd3 25. Qxd3 Nf6 26. Bh4 Qc8 27. Bg3 Nd7 28. e5
Nc5 29. Qd2 Qd7 30. Kh2 Rg8 31. exd6 Bxd4 32. Qxd4 cxd6 33. Re7 Qf5 34. Be4
Nxe4 35. Qxe4 Bc8 36. Qxf5 Bxf5 37. Rxf7+ Rg7 38. Ree7 Rxf7 39. Rxf7+ Kg8 40.
Rb7 Re8 41. Rxb6 Re2+ 42. Kg1 Rxa2 43. Rxd6 Rb2 44. Be1 Rb1 45. Kf2 Rb2+ 46.
Ke3 Rxb3+ 47. Kd4 Rd3+ 48. Ke5 a4 49. Ra6 Rxh3 50. Rxa4 Rf3 51. Kd6 Rxf4 52.
Ra8+ Kf7 53. Ra7+ Kg8 54. c5 h5 55. c6 h4 56. Bc3 h3 57. Be5 Rh4 58. Ra2 g5 59.
Ke7 Rc4 60. c7 Kh7 61. d6 Re4 62. Kf6 Bc8 63. Ra8 h2 64. Bxh2 Bg4 65. Be5 Bh3
66. Re8 1-0

[Event "Bayerische EM 2021 - Männer"]
[Site "Schney"]
[Date "2021.08.23"]
[Round "2.15"]
[White "Kanewski, Josef"]
[Black "Kocak, Ediz"]
[Result "0-1"]
[WhiteElo "2084"]
[BlackElo "1996"]
[PlyCount "70"]
[EventDate "2021.??.??"]
[WhiteTeam "SK Weiden"]
[BlackTeam "SGem 1882 Fürth"]

1. d4 d5 2. c4 e6 3. Nc3 Be7 4. Nf3 Nf6 5. cxd5 exd5 6. Bg5 c6 7. Qc2 g6 8. e3
Bf5 9. Bd3 Bxd3 10. Qxd3 Nbd7 11. O-O O-O 12. Bh6 Re8 13. h3 Bd6 14. Rab1 a5
15. Nd2 Qe7 16. Rfe1 Ne4 17. f3 Nxc3 18. bxc3 Qh4 19. e4 Bg3 20. Re2 Qxh6 21.
Rxb7 Nf6 22. Nf1 Nh5 23. Reb2 Rab8 24. e5 Rxb7 25. Rxb7 Qc1 26. Rb1 Qg5 27. Qa6
Nf4 28. Rb2 Bf2+ 29. Kxf2 Qxg2+ 30. Ke3 Qxb2 31. Kxf4 Qxc3 32. Qa7 Qc1+ 33. Ne3
g5+ 34. Kxg5 Qxe3+ 35. f4 Qg3+ 0-1

[Event "Bayerische EM 2021 - Männer"]
[Site "Schney"]
[Date "2021.08.23"]
[Round "2.16"]
[White "Wunder, Stefan"]
[Black "Stöckl, Stephan"]
[Result "1-0"]
[WhiteElo "2024"]
[BlackElo "2061"]
[PlyCount "77"]
[EventDate "2021.??.??"]
[WhiteTeam "FC Nordhalben"]
[BlackTeam "SK Schwandorf"]

1. Nf3 d5 2. g3 Nf6 3. Bg2 e6 4. O-O Be7 5. c4 dxc4 6. Qa4+ Bd7 7. Qxc4 Bc6 8.
d3 O-O 9. Nc3 Nbd7 10. Qb3 a6 11. Bf4 Nd5 12. Nxd5 Bxd5 13. Qc2 c5 14. e4 Bc6
15. Rac1 Rc8 16. h4 b5 17. b3 Bb7 18. Qe2 Nb8 19. Rfd1 Nc6 20. e5 Nb4 21. d4
cxd4 22. Rxc8 Qxc8 23. Nxd4 Bxg2 24. Kxg2 Nd5 25. Bd2 Qb7 26. Kh3 Rc8 27. Qg4
Nc3 28. Bh6 Bf8 29. Re1 Rd8 30. Nf3 Nd1 31. Re2 Rd3 32. Nh2 Qb6 33. Kg2 Rd4 34.
Qg5 Qc6+ 35. f3 Nc3 36. Rc2 Rd3 37. h5 Qd5 38. Bxg7 Nd1 39. Bf6+ 1-0

[Event "Bayerische EM 2021 - Männer"]
[Site "Schney"]
[Date "2021.08.23"]
[Round "2.17"]
[White "Großhans, Ralf-Michael"]
[Black "Sesselmann, Christoph"]
[Result "1-0"]
[WhiteElo "2046"]
[BlackElo "1887"]
[PlyCount "119"]
[EventDate "2021.??.??"]
[WhiteTeam "SG Kuppenheim"]
[BlackTeam "SK Kulmbach"]

1. e4 c5 2. Nc3 e6 3. Nge2 d5 4. d4 cxd4 5. Nxd4 Nf6 6. exd5 exd5 7. Bg5 Be7 8.
Be2 O-O 9. O-O Nc6 10. Bf3 Qb6 11. Nb3 Be6 12. Ne2 Ne5 13. Ned4 Nxf3+ 14. Qxf3
h6 15. Bh4 Bg4 16. Qd3 Rae8 17. a4 Nh5 18. a5 Qd8 19. Bxe7 Qxe7 20. Qd2 Qf6 21.
f3 Bc8 22. g3 Qg6 23. Kf2 Nf6 24. Rfe1 Qh5 25. Kg1 g5 26. Rxe8 Rxe8 27. Re1
Rxe1+ 28. Qxe1 g4 29. Qe7 Kg7 30. f4 Qg6 31. Qe5 Qe4 32. Nd2 Qxe5 33. fxe5 Ne4
34. Nxe4 dxe4 35. Kf2 f5 36. exf6+ Kxf6 37. Ke3 Ke5 38. Nb5 a6 39. Nc3 Bf5 40.
Na4 Bd7 41. Nc5 Bc6 42. c4 h5 43. b3 Kf5 44. Kd4 h4 45. Ke3 hxg3 46. hxg3 Ke5
47. b4 Kd6 48. Kd4 Kc7 49. Nxe4 b6 50. Nf6 bxa5 51. bxa5 Bf3 52. Kc5 Be2 53.
Nd5+ Kb7 54. Nb4 Bf1 55. Kd5 Be2 56. c5 Kc7 57. c6 Bf1 58. Kc5 Be2 59. Nd5+ Kc8
60. Kd6 1-0

[Event "Bayerische EM 2021 - Männer"]
[Site "Schney"]
[Date "2021.08.23"]
[Round "2.18"]
[White "Brunner, Tobias"]
[Black "Bunk, Wolfgang"]
[Result "1/2-1/2"]
[WhiteElo "1998"]
[BlackElo "2025"]
[PlyCount "93"]
[EventDate "2021.??.??"]
[WhiteTeam "SC Windischeschenbach"]
[BlackTeam "SC Bavaria Regensburg"]

1. e4 c5 2. Nc3 Nc6 3. g3 g6 4. Bg2 Bg7 5. d3 d6 6. Nge2 e5 7. O-O Nge7 8. f4
exf4 9. Nxf4 O-O 10. Nfd5 Nxd5 11. Nxd5 Rb8 12. a4 a6 13. c3 b5 14. Bf4 Be6 15.
axb5 axb5 16. Ra6 Ne5 17. Qd2 Bc8 18. Ra7 Bb7 19. Bg5 f6 20. Bh6 Rf7 21. Bxg7
Kxg7 22. Nf4 Qb6 23. Raa1 Re8 24. Bh3 Bc8 25. Ra8 Qb7 26. Rxc8 Rxc8 27. Bxc8
Qxc8 28. d4 Nc4 29. Qf2 cxd4 30. cxd4 Qa8 31. b3 Nb6 32. e5 f5 33. Qe2 Re7 34.
Qxb5 dxe5 35. dxe5 Nd7 36. e6 Qa7+ 37. Rf2 Nc5 38. Kg2 Nxe6 39. Qe5+ Kf7 40.
Nd5 Re8 41. g4 Qd4 42. Qxd4 Nxd4 43. b4 Re5 44. Nc3 Re3 45. Rd2 Rxc3 46. Rxd4
fxg4 47. Rxg4 1/2-1/2

[Event "Bayerische EM 2021 - Männer"]
[Site "Schney"]
[Date "2021.08.23"]
[Round "3.1"]
[White "Reimann, Sebastian"]
[Black "Schmid, Roland"]
[Result "1-0"]
[WhiteElo "2213"]
[BlackElo "2325"]
[PlyCount "103"]
[EventDate "2021.??.??"]
[WhiteTeam "SK Kriegshaber"]
[BlackTeam "Post Regensburg"]

1. e4 d6 2. d4 Nf6 3. Nc3 e5 4. Nf3 Nbd7 5. Bc4 Be7 6. a4 O-O 7. O-O exd4 8.
Nxd4 Ne5 9. Ba2 c5 10. Nde2 Nc6 11. Re1 Nb4 12. Bb3 Be6 13. Bxe6 fxe6 14. Nf4
Qd7 15. Nb5 a6 16. Na3 e5 17. c3 exf4 18. cxb4 cxb4 19. Nc4 Qc6 20. Qb3 Kh8 21.
Bxf4 Nxe4 22. Na5 Nc5 23. Qg3 Qd7 24. Rxe7 Qxe7 25. Bxd6 Qf6 26. Bxc5 Qxb2 27.
Nb3 Rfd8 28. h4 Qc3 29. Qxc3 bxc3 30. Kf1 Rac8 31. Ke2 h6 32. Rc1 c2 33. a5 Rd5
34. Rxc2 Kg8 35. Rc3 Rc6 36. g3 Re6+ 37. Be3 Rb5 38. Rc8+ Kh7 39. Nd4 Rb2+ 40.
Kd3 Re5 41. Rc7 Kg6 42. g4 h5 43. f4 Rxa5 44. g5 Rh2 45. f5+ Rxf5 46. Nxf5 Kxf5
47. Rxg7 Rxh4 48. Rh7 Ra4 49. Rf7+ Kg6 50. Rf6+ Kg7 51. Bd4 Kg8 52. g6 1-0

[Event "Bayerische EM 2021 - Männer"]
[Site "Schney"]
[Date "2021.08.23"]
[Round "3.2"]
[White "Schulz, Lukas"]
[Black "Steinhauer, Artur"]
[Result "1-0"]
[WhiteElo "2274"]
[BlackElo "1580"]
[PlyCount "119"]
[EventDate "2021.??.??"]
[WhiteTeam "SC Erlangen"]
[BlackTeam "SC Bavaria Regensburg"]

1. e4 c6 2. Nc3 d5 3. g3 dxe4 4. Nxe4 Nf6 5. Bg2 Nxe4 6. Bxe4 e5 7. d3 Bc5 8.
Qe2 Qe7 9. Bd2 Be6 10. Bg2 Nd7 11. Nf3 f6 12. O-O O-O 13. d4 exd4 14. b4 Bd5
15. Qxe7 Bxe7 16. Nxd4 Bxg2 17. Kxg2 Rfe8 18. Rfe1 Bd6 19. Nf5 Bf8 20. Rad1
Rxe1 21. Bxe1 Nb6 22. Ne3 Kf7 23. c4 Ke8 24. Kf3 Rd8 25. Rxd8+ Kxd8 26. Ke4 g6
27. g4 Bh6 28. f4 Ke7 29. Bc3 Ke6 30. c5 Nc8 31. f5+ Kf7 32. Nc4 b5 33. Na5 Ne7
34. Be1 Ke8 35. Bh4 gxf5+ 36. gxf5 Bg7 37. Nb3 Kd7 38. Nd4 Nd5 39. Be1 Bh6 40.
Nxb5 a6 41. Nd4 Bf8 42. Bd2 Nc7 43. Bf4 Nd5 44. Ne6 Be7 45. Bd2 Kc8 46. a4 Nc7
47. Nxc7 Kxc7 48. Kd4 Kb7 49. Kc4 Bd8 50. Bf4 Kc8 51. b5 axb5+ 52. axb5 Kb7 53.
Bd6 h6 54. b6 Ka6 55. Kb4 Kb7 56. Ka5 h5 57. h4 Ka8 58. Ka6 Bc7 59. b7+ Kb8 60.
Bxc7+ 1-0

[Event "Bayerische EM 2021 - Männer"]
[Site "Schney"]
[Date "2021.08.23"]
[Round "3.3"]
[White "Miller, Eduard"]
[Black "Heimrath, Reiner"]
[Result "1-0"]
[WhiteElo "2380"]
[BlackElo "2170"]
[PlyCount "105"]
[EventDate "2021.??.??"]
[WhiteTeam "SC Erlangen"]
[BlackTeam "SC N-T Nürnberg"]

1. e4 d5 2. exd5 Qxd5 3. Nf3 Nf6 4. d4 c6 5. c4 Qd8 6. Nc3 e6 7. Bf4 Bd6 8. Ne5
Bc7 9. Be2 Nbd7 10. O-O O-O 11. Qc2 c5 12. Rfd1 cxd4 13. Rxd4 Bxe5 14. Bxe5 Qb6
15. Na4 Qa5 16. Bd6 Re8 17. c5 e5 18. b4 Qd8 19. Rd2 g6 20. Nc3 a6 21. Re1 Kg7
22. Bf3 Re6 23. Rde2 Rxd6 24. cxd6 Qb6 25. Rd1 Qxb4 26. Nd5 Nxd5 27. Rxd5 Nf6
28. Rdxe5 Qxd6 29. Re7 Bf5 30. Qb3 Rf8 31. Rxb7 a5 32. h3 Kg8 33. Rb6 Qd8 34.
Qb5 Bd3 35. Rd2 Bxb5 36. Rxd8 Rxd8 37. Rxb5 a4 38. Rb4 a3 39. Rb3 Rd2 40. Rxa3
Kg7 41. Ra7 Nd7 42. a4 Ne5 43. Be4 Rd1+ 44. Kh2 Rd4 45. f3 h5 46. a5 Nc4 47. a6
Nd2 48. Bc6 Rc4 49. Rc7 h4 50. a7 Rc2 51. a8=Q Nf1+ 52. Kg1 Ng3 53. Qa1+ 1-0

[Event "Bayerische EM 2021 - Männer"]
[Site "Schney"]
[Date "2021.08.23"]
[Round "3.4"]
[White "Wisnet, Dominic"]
[Black "Delitzsch, Jürgen"]
[Result "1-0"]
[WhiteElo "2304"]
[BlackElo "2110"]
[PlyCount "97"]
[EventDate "2021.??.??"]
[WhiteTeam "SK Passau"]
[BlackTeam "TSV Bindlach"]

1. Nf3 g6 2. g3 Bg7 3. Bg2 d6 4. d4 Nf6 5. O-O O-O 6. c4 Nbd7 7. Nc3 e5 8. e3
Re8 9. b3 a6 10. Bb2 c6 11. Qc2 e4 12. Nd2 d5 13. cxd5 cxd5 14. Na4 Nf8 15.
Rac1 Ne6 16. Nc5 Nxc5 17. dxc5 Bd7 18. Rfd1 Bg4 19. Re1 Rc8 20. b4 Qd7 21. Bd4
Bh3 22. Bh1 Ng4 23. Bxg7 Kxg7 24. f3 exf3 25. Nxf3 f6 26. Qd3 Rcd8 27. Rc2 Re7
28. Rd2 Qe8 29. Rde2 Ne5 30. Nxe5 Rxe5 31. Rd2 Rd7 32. Qd4 Qe6 33. Rf2 Re7 34.
Rd2 Qf5 35. Bg2 Bxg2 36. Kxg2 Re4 37. Qxd5 Qxd5 38. Rxd5 Rxb4 39. Re2 Rc4 40.
Kf3 Rc3 41. h4 h5 42. Kf2 Kf7 43. Kf3 Rc7 44. Rb2 Ke6 45. Rd6+ Kf5 46. Rbb6
R7xc5 47. Rxf6+ Ke5 48. Rxg6 Kd5 49. Rxb7 1-0

[Event "Bayerische EM 2021 - Männer"]
[Site "Schney"]
[Date "2021.08.23"]
[Round "3.5"]
[White "Reis, Gerhard"]
[Black "Ammon, Tobias"]
[Result "0-1"]
[WhiteElo "2223"]
[BlackElo "2168"]
[PlyCount "74"]
[EventDate "2021.??.??"]
[WhiteTeam "SW Nürnberg Süd"]
[BlackTeam "SV Altensittenbach"]

1. e4 c5 2. Nf3 e6 3. d4 cxd4 4. Nxd4 Nc6 5. Nc3 Qc7 6. g3 a6 7. Bg2 Nf6 8. O-O
Nxd4 9. Qxd4 Bc5 10. Bf4 d6 11. Qd3 h6 12. Na4 e5 13. Nxc5 dxc5 14. Be3 O-O 15.
a4 a5 16. Rfd1 Ng4 17. Bd2 Rd8 18. Qf3 Nf6 19. h3 Qe7 20. Bc3 Bd7 21. g4 b6 22.
Qg3 Re8 23. f4 exf4 24. Qxf4 Ra7 25. g5 Nh5 26. Qh4 Qxg5 27. Qxg5 hxg5 28. Rd5
f6 29. e5 Nf4 30. exf6 Nxg2 31. Rxg5 Bc6 32. Rxg2 Bxg2 33. Kxg2 gxf6 34. Kf3
Rae7 35. Rd1 Re3+ 36. Kg4 Kf7 37. Rd7+ Kg6 0-1

[Event "Bayerische EM 2021 - Männer"]
[Site "Schney"]
[Date "2021.08.23"]
[Round "3.7"]
[White "Fuchs, Michael"]
[Black "Schmid, Franz"]
[Result "1/2-1/2"]
[WhiteElo "2086"]
[BlackElo "2197"]
[PlyCount "57"]
[EventDate "2021.??.??"]
[WhiteTeam "DJK SF Haselbach"]
[BlackTeam "SK Passau"]

1. e4 e5 2. Nf3 Nf6 3. Nxe5 d6 4. Nc4 Nxe4 5. Qe2 Qe7 6. Ne3 Nf6 7. Nc3 c6 8.
Nc4 Be6 9. d4 b5 10. Nd2 d5 11. Nd1 g6 12. Nb3 Nbd7 13. a4 b4 14. Bg5 Bg7 15.
Ne3 Qd6 16. Bh4 O-O 17. Bg3 Qe7 18. O-O-O Rfc8 19. Kb1 c5 20. dxc5 Nxc5 21.
Nxc5 Qxc5 22. Be5 Qc6 23. Qb5 Ne4 24. Qxc6 Rxc6 25. Bb5 Rc5 26. Bxg7 Kxg7 27.
Rhf1 Nd6 28. Be2 Ra5 29. Bf3 1/2-1/2

[Event "Bayerische EM 2021 - Männer"]
[Site "Schney"]
[Date "2021.08.23"]
[Round "3.8"]
[White "Salvermoser, Bernd"]
[Black "Wunder, Stefan"]
[Result "1-0"]
[WhiteElo "2178"]
[BlackElo "2024"]
[PlyCount "51"]
[EventDate "2021.??.??"]
[WhiteTeam "SK Penzberg"]
[BlackTeam "FC Nordhalben"]

1. d4 g6 2. e4 Bg7 3. Nc3 d6 4. Be3 a6 5. a4 b6 6. h4 h6 7. g4 Bb7 8. Nge2 Nd7
9. Ng3 e6 10. f4 Qe7 11. h5 c5 12. hxg6 fxg6 13. dxc5 Nxc5 14. Bd3 O-O-O 15.
Qe2 d5 16. Bxc5 Qxc5 17. e5 d4 18. Nce4 Qa5+ 19. Qd2 Qxd2+ 20. Kxd2 Bf8 21. Bc4
Re8 22. Kd3 Bc5 23. a5 Rh7 24. axb6 Bxb6 25. Bxa6 Rf8 26. Nd6+ 1-0

[Event "Bayerische EM 2021 - Männer"]
[Site "Schney"]
[Date "2021.08.23"]
[Round "3.9"]
[White "Lohr, Maximilian"]
[Black "Löw, Gerald"]
[Result "1/2-1/2"]
[WhiteElo "2011"]
[BlackElo "2166"]
[PlyCount "71"]
[EventDate "2021.??.??"]
[WhiteTeam "FC Ergolding"]
[BlackTeam "TSV Bindlach"]

1. e4 Nf6 2. e5 Nd5 3. d4 Nb6 4. c4 d6 5. f4 dxe5 6. fxe5 c5 7. d5 g6 8. Nc3
Bg7 9. Bf4 O-O 10. Qd2 e6 11. O-O-O exd5 12. cxd5 Bg4 13. Re1 c4 14. h3 Bf5 15.
g4 Bd3 16. Bxd3 cxd3 17. Qxd3 Na6 18. d6 Rc8 19. Kb1 Nb4 20. Qg3 Qd7 21. Nge2
f6 22. Nd4 fxe5 23. Bxe5 Bxe5 24. Qxe5 Nd3 25. Qe6+ Qxe6 26. Rxe6 Rf2 27. Ne4
Rxb2+ 28. Ka1 Rb4 29. Nf6+ Kf7 30. g5 Rxd4 31. Re7+ Kf8 32. Nxh7+ Kg8 33. Nf6+
Kf8 34. Nh7+ Kg8 35. Nf6+ Kf8 36. Nh7+ 1/2-1/2

[Event "Bayerische EM 2021 - Männer"]
[Site "Schney"]
[Date "2021.08.23"]
[Round "3.10"]
[White "Böhme, Markus"]
[Black "Kocak, Ediz"]
[Result "1-0"]
[WhiteElo "2114"]
[BlackElo "1996"]
[PlyCount "63"]
[EventDate "2021.??.??"]
[WhiteTeam "SC Uttenreuth"]
[BlackTeam "SGem 1882 Fürth"]

1. e4 c5 2. Nf3 e6 3. d4 cxd4 4. Nxd4 a6 5. Nc3 Qc7 6. g3 b5 7. Bg2 Bb7 8. O-O
Nf6 9. Re1 d6 10. a4 b4 11. Nd5 exd5 12. exd5+ Kd8 13. Bg5 Nbd7 14. Qe2 Qb6 15.
c3 Rc8 16. a5 Qc5 17. Rac1 b3 18. Nc6+ Bxc6 19. dxc6 Rxc6 20. Bxc6 Qxc6 21.
Qe8+ Kc7 22. Qxf7 Kb8 23. Qxb3+ Ka8 24. Bxf6 Nxf6 25. Re6 h5 26. h4 g5 27. Rxf6
gxh4 28. gxh4 Be7 29. Rg6 Bxh4 30. Rg8+ Rxg8+ 31. Qxg8+ Ka7 32. Qf7+ 1-0

[Event "Bayerische EM 2021 - Männer"]
[Site "Schney"]
[Date "2021.08.23"]
[Round "3.11"]
[White "Link, Klaus"]
[Black "Köhler, Lukas"]
[Result "0-1"]
[WhiteElo "1982"]
[BlackElo "2102"]
[PlyCount "110"]
[EventDate "2021.??.??"]
[WhiteTeam "SK Klingenberg"]
[BlackTeam "SC Bamberg"]

1. e4 e5 2. Nf3 Nf6 3. Nxe5 Nxe4 4. d4 d6 5. Nf3 d5 6. Be2 Bd6 7. O-O O-O 8.
Be3 Nd7 9. c4 dxc4 10. Bxc4 Nb6 11. Bd3 Nf6 12. Nc3 c6 13. Qc2 h6 14. a3 Be6
15. Ne5 Nfd5 16. Bd2 Nxc3 17. Bxc3 Re8 18. Bh7+ Kh8 19. Bf5 Bxe5 20. dxe5 Bxf5
21. Qxf5 Qd7 22. Qxd7 Nxd7 23. f4 Rad8 24. Rad1 Nb6 25. Ba5 Rxd1 26. Rxd1 Nd5
27. g3 Kg8 28. Kf2 Kf8 29. h4 h5 30. Rd3 Ke7 31. Rb3 b6 32. Bd2 Ke6 33. Rd3 g6
34. Kf3 Kf5 35. b4 a6 36. a4 Ke6 37. Be1 Rc8 38. Rb3 c5 39. bxc5 Rxc5 40. Bf2
Rc6 41. Rd3 Rc3 42. Ke4 Rc4+ 43. Rd4 Nc3+ 44. Kf3 Rxd4 45. Bxd4 Nxa4 46. g4 Nc5
47. f5+ Ke7 48. gxh5 gxh5 49. Bxc5+ bxc5 50. Ke4 a5 51. Kd3 Kd7 52. Kc3 Kc6 53.
Kb3 Kd5 54. e6 fxe6 55. f6 Kd6 0-1

[Event "Bayerische EM 2021 - Männer"]
[Site "Schney"]
[Date "2021.08.23"]
[Round "3.12"]
[White "Heimerl, Detlev"]
[Black "Willim, Michael"]
[Result "0-1"]
[WhiteElo "1940"]
[BlackElo "2076"]
[PlyCount "85"]
[EventDate "2021.??.??"]
[WhiteTeam "SF Kirchenlamitz"]
[BlackTeam "SC Erlangen"]

1. d4 d5 2. e3 Nf6 3. Bd3 c5 4. c3 Nc6 5. f4 Bg4 6. Nf3 e6 7. O-O Bd6 8. Qe1
O-O 9. Ne5 Bf5 10. Qe2 Bxd3 11. Qxd3 Ne4 12. Nd2 f5 13. Qb5 Qc7 14. Rf3 Bxe5
15. fxe5 Ne7 16. Nf1 g5 17. Nd2 g4 18. Rf1 Ng6 19. Nxe4 dxe4 20. Bd2 Ne7 21.
Rac1 Rac8 22. b3 a6 23. Qc4 Qc6 24. Qe2 c4 25. Rb1 b5 26. Rfc1 Nd5 27. b4 Rc7
28. Qd1 h5 29. Ra1 f4 30. Qe1 f3 31. Qh4 Qe8 32. Rf1 Qg6 33. a4 Ne7 34. axb5
axb5 35. Qe1 Nf5 36. g3 h4 37. Kf2 Rh7 38. Rh1 Rh5 39. Qg1 Qh6 40. Qf1 hxg3+
41. hxg3 Rh2+ 42. Rxh2 Qxh2+ 43. Ke1 0-1

[Event "Bayerische EM 2021 - Männer"]
[Site "Schney"]
[Date "2021.08.23"]
[Round "3.13"]
[White "Bratu, Mircea"]
[Black "Großhans, Ralf-Michael"]
[Result "0-1"]
[WhiteElo "1715"]
[BlackElo "2046"]
[PlyCount "110"]
[EventDate "2021.??.??"]
[WhiteTeam "SG Schwabing München"]
[BlackTeam "SG Kuppenheim"]

1. c4 Nf6 2. Nc3 e5 3. g3 h5 4. h4 d5 5. cxd5 Nxd5 6. Bg2 Nxc3 7. bxc3 Bc5 8.
d3 c6 9. Bb2 Bxf2+ 10. Kxf2 Qb6+ 11. d4 Qxb2 12. Qc1 Qxc1 13. Rxc1 Nd7 14. Nf3
exd4 15. cxd4 Nf6 16. Ne5 O-O 17. Rhe1 Rd8 18. Rb1 Nd5 19. Rec1 f6 20. Nc4 Nb6
21. e3 Nxc4 22. Rxc4 a5 23. a4 Ra7 24. Ke2 Be6 25. Rc5 g6 26. Kd3 f5 27. e4 Rd6
28. e5 Rd7 29. Rb6 Kf7 30. Bxc6 bxc6 31. Rcxc6 Re7 32. Rd6 Rad7 33. d5 Bxd5 34.
Rf6+ Ke8 35. Rb8+ Rd8 36. Rf8+ Kxf8 37. Rxd8+ Kf7 38. Rxd5 Rb7 39. Rb5 Rd7+ 40.
Kc4 Rd1 41. Rd5 Rg1 42. Rd3 Ke6 43. Rd6+ Kxe5 44. Rxg6 Rb1 45. Rh6 Rb4+ 46. Kc3
Rxa4 47. Rxh5 Ra3+ 48. Kc4 Rxg3 49. Kb5 Rh3 50. Kxa5 Ke4 51. Kb4 f4 52. Kc4 f3
53. Rh8 f2 54. Re8+ Kf3 55. Rf8+ Kg2 0-1

[Event "Bayerische EM 2021 - Männer"]
[Site "Schney"]
[Date "2021.08.23"]
[Round "3.14"]
[White "Bunk, Wolfgang"]
[Black "Höller, Armin"]
[Result "1-0"]
[WhiteElo "2025"]
[BlackElo "1994"]
[PlyCount "49"]
[EventDate "2021.??.??"]
[WhiteTeam "SC Bavaria Regensburg"]
[BlackTeam "SK Weilheim"]

1. d4 f5 2. Bg5 h6 3. Bh4 g5 4. e3 Nf6 5. Bg3 Bg7 6. h4 g4 7. c4 c5 8. Ne2 d6
9. Nbc3 Na6 10. d5 Nh5 11. Qd2 Nc7 12. Nf4 Nxf4 13. Bxf4 a6 14. Bd3 Bd7 15. e4
b5 16. exf5 Qc8 17. f6 Bxf6 18. Ne4 bxc4 19. Nxf6+ exf6 20. Bg6+ Kd8 21. Bxd6
Ne8 22. Qa5+ Nc7 23. Bxc5 Be8 24. Bc2 Bb5 25. O-O-O 1-0

[Event "Bayerische EM 2021 - Männer"]
[Site "Schney"]
[Date "2021.08.23"]
[Round "3.15"]
[White "Gebhardt, Christian"]
[Black "Reimann, Matthias"]
[Result "1/2-1/2"]
[WhiteElo "1884"]
[BlackElo "2017"]
[PlyCount "77"]
[EventDate "2021.??.??"]
[WhiteTeam "SV Seubelsdorf"]
[BlackTeam "SK Kriegshaber"]

1. d4 Nf6 2. c4 g6 3. Nc3 Bg7 4. e4 d6 5. Nf3 O-O 6. Be2 Na6 7. O-O e5 8. Re1
c6 9. Bf1 Qe7 10. h3 exd4 11. Nxd4 Nc5 12. b4 Nfxe4 13. Nxe4 Nxe4 14. Bb2 Qh4
15. Qc2 Qxf2+ 16. Qxf2 Nxf2 17. Kxf2 c5 18. Rad1 cxd4 19. Bxd4 Be6 20. Bxg7
Kxg7 21. Rxd6 Rfc8 22. c5 Bxa2 23. Re7 a5 24. Rxb7 axb4 25. c6 Rab8 26. Rxb8
Rxb8 27. c7 Rc8 28. Rc6 b3 29. Bc4 Kf8 30. Ke3 Ke7 31. Kd4 Kd7 32. Kc5 Rxc7 33.
Rxc7+ Kxc7 34. Bxf7 Kd7 35. Kd4 Kd6 36. Bd5 g5 37. Bg8 h6 38. Bd5 Bb1 39. Bxb3
1/2-1/2

[Event "Bayerische EM 2021 - Männer"]
[Site "Schney"]
[Date "2021.08.23"]
[Round "3.16"]
[White "Bruss, Robert"]
[Black "Brunner, Tobias"]
[Result "0-1"]
[WhiteElo "1800"]
[BlackElo "1998"]
[PlyCount "68"]
[EventDate "2021.??.??"]
[WhiteTeam "SGem 1882 Fürth"]
[BlackTeam "SC Windischeschenbach"]

1. d4 Nf6 2. c4 e6 3. Nc3 b6 4. e4 Bb7 5. f3 Bb4 6. Bd3 c5 7. a3 cxd4 8. axb4
dxc3 9. bxc3 Nc6 10. f4 d5 11. cxd5 exd5 12. e5 Ne4 13. Ne2 Qh4+ 14. g3 Qh3 15.
Be3 O-O 16. Bxe4 dxe4 17. Kf2 Rfd8 18. Qf1 Qf5 19. Kg2 Rd3 20. Qf2 Rad8 21.
Rhc1 h5 22. h3 Bc8 23. g4 hxg4 24. h4 g3 25. Qxg3 Rxe3 26. Qxe3 Rd3 27. Qg1
Qh3+ 28. Kf2 Qxh4+ 29. Ng3 Rf3+ 30. Ke2 Rxg3 31. Qf2 Qg4+ 32. Ke1 Rg1+ 33. Kd2
Rg2 34. Rf1 Qxf4+ 0-1